| 000 | 02646nam a22002537a 4500 | ||
|---|---|---|---|
| 003 | BJBSDDR | ||
| 005 | 20260512094724.0 | ||
| 007 | ta | ||
| 008 | 260512s2007 nyu||||| |||| 00| 0 eng d | ||
| 020 | _a9781400051991 | ||
| 020 | _a 1400051991 | ||
| 040 |
_bspa _cBJBSDDR |
||
| 041 | _aeng | ||
| 050 | _bN935 2007 | ||
| 100 | 1 |
_aNovak, Robert D _948394 |
|
| 245 | 1 | 4 |
_aThe prince of darkness : _b50 years reporting in Washington / _cRobert D. Novak |
| 250 | _aFirst edition | ||
| 260 |
_aNew York : _bCrown Forum, _c2007 |
||
| 300 |
_aviii, 662 pages : _billustrations ; _c25 cm |
||
| 505 | _a The Plame affair Political beginnings Cub reporter From Omaha to 'Naptown Advice from Ezra Pound Joining the Journal Emperor of the Senate Driving with Kennedy New Frontier LBJ hosts a wedding reception The odd couple The Goldwater revolution The agony of the GOP The Great Society: in ascent The Great Society: in descent Clean Gene, Bobby and LBJ Realignment 1968 Den of vipers Vietnam The frustration of power "Amnesty, abortion and acid" Watergate The Ford Interlude Reagan's rebellion Jimmy who? The Snopes clan in the White House Supply-side and China A young congressman from New York The birth of CNN The Reagan revolution A near-death experience The slowest realignment in American history "I'll try Ollie North" The last days of Reagan Blowup Believing their own spin Yeltsin up, Bush down Clinton = Republican tsunami "Will success spoil Newt Gingrich?" Conversion The rise of George W. Bush Death of a partner Attacking Iraq and attacking Novak The Plame affair II Farewell to CNN A stirrer-up of strife. | ||
| 520 | _aIn this sweeping memoir, Novak offers a full account of his involvement in the Valerie Plame CIA leak affair, while also telling the story of his remarkable life and career, a singular journey through a half century of stories, scandals, and personal encounters with Washington's most powerful and colorful people. Novak has been a Washington insider since the days when the place was a sleepy southern town and journalism was built on shoe leather and the ability to cultivate and keep sources (not to mention the ability to hold one's liquor). He has covered every president since Truman, known (personally and professionally) virtually all the big movers and shakers in DC, and broken a number of the biggest stories. Here, he puts it all into perspective. He also reveals the extraordinary transformations that have fundamentally remade Washington, politics, and journalism--and his own role in those transformations. | ||
| 942 |
_2lcc _n0 _cBK |
||
| 946 | _icmc | ||
| 999 |
_c127054 _d127054 |
||